[Event "40th Olympiad Women"]
[Site "Istanbul TUR"]
[Date "2012.09.09"]
[Round "11.48"]
[Board "4"]
[White "Cho, Yeonhee"]
[Black "Lomandong Noela-Joyce"]
[Result "1-0"]
[WhiteElo "1542"]
[BlackElo "1516"]
[WhiteTeam "South Korea"]
[BlackTeam "Monaco"]
[WhiteFideId "13201190"]
[BlackFideId "5400384"]
[EventDate "2012.08.28"]

1. e4 e5 2. Nf3 Nc6 3. d4 exd4 4. Bc4 Bb4+ 5. c3 dxc3 6. bxc3 Bc5 7. Bxf7+ Kxf7
8. Qd5+ Ke8 9. Qh5+ g6 10. Qxc5 d6 11. Qc4 Qe7 12. O-O a6 13. Re1 Qe6 14. Qd5
Nge7 15. Qd3 Ne5 16. Nxe5 Qxe5 17. Be3 Nc6 18. Qd2 Be6 19. Qd1 Rf8 20. Nd2 Qxc3
21. Rc1 Qf6 22. Nf3 Rc8 23. Ng5 Bg8 24. Qg4 Rb8 25. f4 h6 26. e5 dxe5 27. fxe5
Qf5 28. Qxf5 Rxf5 29. Nf3 g5 30. a3 Rd8 31. Rc3 Rd7 32. Rb1 Nxe5 33. Nd4 Rff7
34. Rxb7 Bh7 35. h3 Bd3 36. Bf2 Bc4 37. Re3 Rfe7 38. Rb8+ Kf7 39. Nf5 Re6 40.
Nxh6+ Rxh6 41. Rxe5 Kf6 42. Rc5 Bb5 43. Ra8 g4 44. h4 c6 45. a4 Rd1+ 46. Kh2 Rd2
47. axb5 1-0

[Event "40th Olympiad Women"]
[Site "Istanbul TUR"]
[Date "2012.09.09"]
[Round "11.49"]
[Board "1"]
[White "Arda, Cagil Irmak"]
[Black "Al-Rufaye, Iman Hasan Mohammed"]
[Result "0-1"]
[WhiteTitle "WCM"]
[BlackTitle "WIM"]
[WhiteElo "1634"]
[BlackElo "2171"]
[WhiteTeam "Turkey 2023"]
[BlackTeam "Iraq"]
[WhiteFideId "6351700"]
[BlackFideId "4801067"]
[EventDate "2012.08.28"]

1. e4 e5 2. Nf3 Nc6 3. d4 exd4 4. Nxd4 Nf6 5. Nxc6 bxc6 6. e5 Qe7 7. Qe2 Nd5 8.
c4 Ba6 9. b3 g6 10. g3 Bg7 11. Bb2 O-O 12. Bg2 Rae8 13. O-O Nb6 14. Re1 f6 15.
Ba3 c5 16. e6 Qxe6 17. Qxe6+ Rxe6 18. Rxe6 dxe6 19. Bxc5 f5 20. Bxf8 Kxf8 21.
Nc3 Bxc3 22. Rc1 Bd4 23. Rd1 e5 24. Bf1 Nd7 25. Bg2 Nf6 26. Kf1 Ke7 27. f3 c5
28. Ke2 Nd5 29. Rd2 Nc3+ 30. Kd3 Bb7 31. Rc2 e4+ 32. fxe4 fxe4+ 33. Kd2 e3+ 34.
Ke1 Ne4 35. a3 a5 36. b4 axb4 37. axb4 cxb4 38. c5 b3 39. Rc4 b2 40. Bxe4 Bxe4
41. Rxd4 b1=Q+ 42. Rd1 Qc2 0-1

[Event "40th Olympiad Women"]
[Site "Istanbul TUR"]
[Date "2012.09.09"]
[Round "11.49"]
[Board "2"]
[White "Jalaluldeen, Kareen Kamal J."]
[Black "Onur, Cigdem"]
[Result "0-1"]
[WhiteTitle "WFM"]
[WhiteElo "1779"]
[BlackElo "1627"]
[WhiteTeam "Iraq"]
[BlackTeam "Turkey 2023"]
[WhiteFideId "4801776"]
[BlackFideId "6346030"]
[EventDate "2012.08.28"]

1. d4 d5 2. c4 e6 3. Nc3 Nf6 4. Bg5 Nbd7 5. Nf3 c6 6. e3 Qa5 7. Nd2 Bb4 8. Qc2
O-O 9. Be2 c5 10. Nb3 Qa4 11. O-O Bxc3 12. Bxf6 Nxf6 13. Qxc3 cxd4 14. Nxd4 dxc4
15. Bxc4 Qe8 16. Qb4 a6 17. Rac1 b5 18. Be2 Nd5 19. Qa3 Qe7 20. Nxb5 Qg5 21. Bf3
Rb8 22. Nd6 Bd7 23. Rfd1 h5 24. Rc5 h4 25. e4 Qe7 26. e5 h3 27. Bxd5 exd5 28.
Rc7 Qh4 29. Qg3 Qd8 30. Rc2 hxg2 31. Qxg2 Qh4 32. Rd3 Rb6 33. Rg3 g6 34. Qxd5
Kg7 35. b3 Be6 36. Qe4 Qh5 37. Qe2 Qh6 38. Qf3 Rh8 39. Qf6+ Kg8 40. f3 Rb8 41.
Nf5 Bxf5 42. Qxf5 Rd8 43. Rc8 Qxh2+ 44. Kf1 Rxc8 45. Qxc8+ Kg7 46. Qg4 Qxa2 47.
b4 Qa1+ 48. Kf2 Qxe5 49. Rh3 Rxh3 50. Qxh3 Qd4+ 51. Ke2 Qxb4 52. Qg3 Qb2+ 53.
Ke3 a5 0-1

[Event "40th Olympiad Women"]
[Site "Istanbul TUR"]
[Date "2012.09.09"]
[Round "11.49"]
[Board "3"]
[White "Hereklioglu, Sude"]
[Black "Al-Fayyadh, Zainab Asif Abdulah"]
[Result "1-0"]
[WhiteElo "1586"]
[BlackElo "1635"]
[WhiteTeam "Turkey 2023"]
[BlackTeam "Iraq"]
[WhiteFideId "6359531"]
[BlackFideId "4806476"]
[EventDate "2012.08.28"]

1. e4 e5 2. Nc3 Nf6 3. g3 Bc5 4. Bg2 O-O 5. Nge2 Nc6 6. O-O d6 7. Na4 Bb6 8.
Nxb6 axb6 9. d3 h6 10. f4 Bg4 11. c3 d5 12. exd5 Nxd5 13. fxe5 Nxe5 14. d4 Nc4
15. Qd3 b5 16. Nf4 Nxf4 17. Bxf4 c6 18. b3 Nb6 19. Qe4 Re8 20. Be5 Qd7 21. Rf4
Bh3 22. Bxh3 Qxh3 23. Rg4 g5 24. Qf5 Qh5 25. Rh4 Qg6 26. Qxg6+ fxg6 27. Rxh6 Nd7
28. Rxg6+ Kf7 29. Rg7+ Ke6 30. Rxg5 Kd5 31. Re1 Nxe5 32. Rgxe5+ Rxe5 33. Rxe5+
Kd6 34. h4 Rxa2 35. h5 Ra8 36. g4 Rh8 37. Kh2 b6 38. b4 Rc8 39. h6 Rh8 40. g5 1-0

[Event "40th Olympiad Women"]
[Site "Istanbul TUR"]
[Date "2012.09.09"]
[Round "11.49"]
[Board "4"]
[White "Al-Khalidi, Aisha Ali Ahmed"]
[Black "Okuyaz, Duru"]
[Result "0-1"]
[WhiteElo "1597"]
[BlackElo "1547"]
[WhiteTeam "Iraq"]
[BlackTeam "Turkey 2023"]
[WhiteFideId "4806042"]
[BlackFideId "6346022"]
[EventDate "2012.08.28"]

1. e4 e6 2. d4 d5 3. exd5 exd5 4. Nf3 Bd6 5. Bd3 Bg4 6. Nc3 Ne7 7. Be3 Nbc6 8.
Qd2 Qd7 9. O-O-O Bxf3 10. gxf3 O-O-O 11. Kb1 Qh3 12. f4 Kb8 13. Nb5 g6 14. c4
dxc4 15. Nxd6 Rxd6 16. Bxc4 Rhd8 17. Ka1 Qf3 18. Be2 Qe4 19. f3 Qd5 20. Qc3 Nf5
21. Rd2 Nxe3 22. Qxe3 Nxd4 23. Kb1 Qe6 24. Qe4 Qxe4+ 25. fxe4 Nxe2 26. Rxe2 b6
27. Kc2 Rc6+ 28. Kb1 Rc4 29. b3 Rc3 30. Kb2 Rf3 31. f5 gxf5 32. exf5 Rxf5 33.
Rg1 Rdd5 34. a4 Rg5 35. Rf1 Rdf5 36. Rd1 Kb7 37. Rd4 Rd5 38. Rf4 f5 39. Kc3 Rg4
40. Rf3 Rh4 41. Ref2 h5 42. h3 Rd1 43. Re2 Rh1 44. Ree3 a5 45. Kd2 Rh2+ 46. Ke1
Re4 47. Rxe4 fxe4 48. Re3 Kc6 49. Rxe4 Rxh3 50. b4 axb4 51. Rxb4 Rg3 52. Rb5 Rg4
53. Kd2 0-1

[Event "40th Olympiad Women"]
[Site "Istanbul TUR"]
[Date "2012.09.09"]
[Round "11.50"]
[Board "4"]
[White "Atthaworadej, Worasuda"]
[Black "Awad, Omaima"]
[Result "1-0"]
[BlackTitle "WCM"]
[WhiteElo "1638"]
[BlackElo "1675"]
[WhiteTeam "Thailand"]
[BlackTeam "Yemen"]
[WhiteFideId "6201563"]
[BlackFideId "9400117"]
[EventDate "2012.08.28"]

1. e4 e5 2. Nf3 Nc6 3. d4 exd4 4. Bc4 Be7 5. c3 d6 6. cxd4 Nf6 7. Nc3 O-O 8. O-O
Bg4 9. Be3 Nxe4 10. Nxe4 d5 11. Bd3 dxe4 12. Bxe4 Na5 13. Qa4 f5 14. Bd3 Bxf3
15. Qxa5 Bd5 16. Rac1 b6 17. Qc3 Bd6 18. Bc4 Bxc4 19. Qxc4+ Kh8 20. d5 Re8 21.
Rfd1 Qf6 22. Bd4 Qh6 23. g3 f4 24. Kg2 a5 25. a4 Re7 26. Re1 Rae8 27. Bc3 Rxe1
28. Rxe1 Rxe1 29. Bxe1 fxg3 30. hxg3 Qf6 31. Bc3 Be5 32. Qe4 Kg8 33. Qxe5 Qg6
34. Qe6+ Qxe6 35. dxe6 Kf8 36. f4 g6 37. g4 Ke7 38. f5 c6 39. Kf3 1-0

[Event "40th Olympiad Women"]
[Site "Istanbul TUR"]
[Date "2012.09.09"]
[Round "11.51"]
[Board "1"]
[White "Vilhete, Vania Fausto Da T."]
[Black "Al-khelaifi, Aisha"]
[Result "1/2-1/2"]
[WhiteElo "1816"]
[BlackElo "1688"]
[WhiteTeam "Mozambique"]
[BlackTeam "Qatar"]
[WhiteFideId "14800144"]
[BlackFideId "12100625"]
[EventDate "2012.08.28"]

1. d4 d5 2. c4 c6 3. Nc3 Nf6 4. Nf3 a6 5. e3 b5 6. cxd5 cxd5 7. Bd3 Bg4 8. O-O
e6 9. Re1 Be7 10. a3 O-O 11. e4 dxe4 12. Nxe4 Nbd7 13. Ng3 Nb6 14. Be2 Rc8 15.
h3 Bxf3 16. Bxf3 Qd7 17. Ne4 Rfd8 18. Be3 Nc4 19. b4 Nxe4 20. Bxe4 Bf6 21. Qf3
Qe7 22. Red1 Rc7 23. Ra2 Rcd7 24. Bc6 Rd6 25. d5 Nxe3 26. fxe3 exd5 27. Bxd5 h6
28. e4 Be5 29. Rad2 Qc7 30. Qh5 Bf4 31. Rd3 g6 32. Qe2 Be5 33. Qa2 Kg7 34. Rf1
Rf6 35. Rxf6 Bxf6 36. Rd1 Rd7 37. Rf1 Qe5 38. Kh1 Qg3 39. Qf2 Qxf2 40. Rxf2 Rc7
41. Kh2 Rc3 42. Rf3 Rxf3 43. gxf3 Bb2 44. Bb7 Bxa3 45. Bxa6 Bxb4 46. Bxb5 Bd6+
47. Kg2 Kf6 1/2-1/2

[Event "40th Olympiad Women"]
[Site "Istanbul TUR"]
[Date "2012.09.09"]
[Round "11.52"]
[Board "2"]
[White "Nakagawa, Emiko"]
[Black "Lopang, Tshepiso"]
[Result "1-0"]
[WhiteTitle "WCM"]
[BlackTitle "WFM"]
[WhiteElo "1798"]
[BlackElo "1838"]
[WhiteTeam "Japan"]
[BlackTeam "Botswana"]
[WhiteFideId "7000480"]
[BlackFideId "11300515"]
[EventDate "2012.08.28"]

1. d4 Nf6 2. c4 d5 3. Nc3 e6 4. Bg5 Be7 5. e3 Nbd7 6. Nf3 O-O 7. Rc1 c6 8. Bd3
dxc4 9. Bxc4 h6 10. Bh4 Nb6 11. Bd3 Nbd5 12. O-O Qc7 13. Qe2 Nxc3 14. bxc3 b6
15. e4 c5 16. Bg3 Qd8 17. h3 Bb7 18. Rfd1 Qc8 19. Nd2 Qd7 20. Bb1 g6 21. Nf3 Qa4
22. c4 cxd4 23. Nxd4 Rad8 24. Kh1 Ba3 25. Rc3 Bc5 26. Nb3 Rxd1+ 27. Qxd1 Bxe4
28. f3 Bxb1 29. Qxb1 Qc6 30. Nxc5 Qxc5 31. Qd3 Rc8 32. Rc2 Qc6 33. Bf2 Nd7 34.
Qd4 Qa4 35. Rd2 Nf8 36. Qe5 Qa5 37. Qxa5 bxa5 38. Bxa7 Rxc4 39. Rd8 Kg7 40. Bd4+
f6 41. Bxf6+ Kxf6 42. Rxf8+ Ke7 43. Rb8 Ra4 44. Rb2 Kd6 45. Kg1 Kc5 46. Kf1 Rb4
47. Re2 Kd5 48. Rc2 a4 49. Ke2 a3 50. Rd2+ Ke5 51. g3 h5 52. Rc2 Kd4 53. f4 Rb2
54. Kd2 Rxc2+ 55. Kxc2 Ke3 56. Kb3 Kf3 57. Kxa3 Kxg3 58. Kb3 Kxf4 59. a4 Ke4 60.
Kc4 g5 61. a5 g4 62. hxg4 hxg4 63. a6 g3 64. a7 1-0

[Event "40th Olympiad Women"]
[Site "Istanbul TUR"]
[Date "2012.09.09"]
[Round "11.54"]
[Board "2"]
[White "Mtine, Joy"]
[Black "Amoko, Ivy Claire"]
[Result "0-1"]
[WhiteElo "2050"]
[BlackElo "1705"]
[WhiteTeam "Zambia"]
[BlackTeam "Uganda"]
[WhiteFideId "8700206"]
[BlackFideId "10000291"]
[EventDate "2012.08.28"]

1. d4 d5 2. Nc3 c6 3. e4 e6 4. exd5 cxd5 5. Nf3 Nf6 6. Ne5 a6 7. Be2 Bd6 8. O-O
O-O 9. a3 Nbd7 10. Bf4 Qc7 11. Nxd7 Bxd7 12. Bxd6 Qxd6 13. Re1 Rfc8 14. Qd2 Qb6
15. b3 Qc7 16. Nd1 Qxc2 17. Qe3 Kh8 18. f3 Rc7 19. g4 Rac8 20. g5 Ng8 21. h4 Ne7
22. h5 Nf5 23. Qe5 Qd2 24. Kf2 Qxd4+ 25. Qxd4 Nxd4 26. Bd3 Nxb3 27. Rb1 Nc1 28.
Bf1 Ba4 29. Ne3 Nb3 30. Rb2 d4 31. Ng4 Rc2+ 32. Rxc2 Rxc2+ 33. Kg3 Bc6 34. Ne5
Be8 35. Bd3 Rc5 36. f4 a5 37. Kg4 g6 38. hxg6 hxg6 39. Rh1+ Kg7 40. Kh4 b5 41.
Ng4 Rc3 42. Be4 Nd2 43. Nf6 Nxe4 44. Nxe8+ Kf8 45. Nf6 Nd6 46. Kg4 Rxa3 47. Rh8+
Ke7 48. Ng8+ Kd7 49. Nf6+ Kc6 50. Ne8 Nf5 0-1

[Event "40th Olympiad Women"]
[Site "Istanbul TUR"]
[Date "2012.09.09"]
[Round "11.58"]
[Board "2"]
[White "Domingos, Maria M"]
[Black "Soondarsingh, Aditi"]
[Result "0-1"]
[WhiteElo "1466"]
[BlackElo "1772"]
[WhiteTeam "Angola"]
[BlackTeam "Trinidad & Tobago"]
[WhiteFideId "10100768"]
[BlackFideId "7700598"]
[EventDate "2012.08.28"]

1. e4 c5 2. Bc4 Nc6 3. Nf3 e6 4. Nc3 a6 5. Be2 Nf6 6. d3 d5 7. exd5 exd5 8. Bf4
Be7 9. O-O O-O 10. Re1 Re8 11. Ne5 Qb6 12. Nxc6 bxc6 13. Na4 Qb4 14. c4 Be6 15.
Bd2 Qb7 16. b3 Rad8 17. Rb1 Qc7 18. Bf3 dxc4 19. dxc4 Bd6 20. Kh1 Bxh2 21. Nxc5
Bf4 22. Nxe6 Rxe6 23. Bxf4 Rxd1 24. Bxc7 Rdxe1+ 25. Rxe1 Rxe1+ 26. Kh2 Ra1 27.
Bxc6 Rxa2 28. Ba4 Rxf2 29. c5 Rc2 30. b4 Rc4 31. Ba5 Ng4+ 32. Kh3 Ne5 33. Bd1
Nc6 34. Bb6 Nxb4 35. Bf3 Nd3 36. c6 Ne5 37. c7 Nxf3 38. gxf3 Rc6 39. Kg4 Kf8 40.
Kf5 Ke8 41. Ke5 0-1

[Event "40th Olympiad Women"]
[Site "Istanbul TUR"]
[Date "2012.09.09"]
[Round "11.61"]
[Board "2"]
[White "Zykina, Nadezhda"]
[Black "Andersson, Christin"]
[Result "1-0"]
[WhiteTitle "WFM"]
[BlackTitle "WIM"]
[WhiteElo "2078"]
[BlackElo "2074"]
[WhiteTeam "IPCA"]
[BlackTeam "Sweden"]
[WhiteFideId "24150789"]
[BlackFideId "1702947"]
[EventDate "2012.08.28"]

1. Nf3 Nf6 2. d4 d5 3. Bg5 Ne4 4. Bh4 Nd7 5. e3 c6 6. c3 Ndf6 7. Bd3 h6 8. Nbd2
g5 9. Bg3 Nxg3 10. hxg3 Bg7 11. Qc2 Qc7 12. Ne5 Nd7 13. f4 Nxe5 14. fxe5 Be6 15.
Bf5 Qd7 16. g4 h5 17. Bxe6 Qxe6 18. Qf5 Qxf5 19. gxf5 f6 20. e6 O-O-O 21. Ke2 h4
22. a4 Rdg8 23. Kf3 g4+ 24. Ke2 Rh5 25. Raf1 Bh6 26. c4 dxc4 27. Nxc4 h3 28. g3
Rd8 29. b4 Rd5 30. Rd1 Rdxf5 31. e4 Rf3 32. d5 Rxg3 33. d6 Bf4 34. dxe7 Rh8 35.
Nd6+ Bxd6 36. Rxd6 Kc7 37. Rd7+ Kc8 38. Rhd1 Rg2+ 39. Ke3 Rg3+ 40. Kf2 Rf3+ 41.
Ke2 Rf4 42. Rd8+ Kc7 43. Rxh8 Rxe4+ 44. Kf2 Rxe6 45. e8=Q Rxe8 46. Rxe8 Kb6 47.
Kg3 a5 48. bxa5+ Kxa5 49. Rb1 b5 50. Rb8 f5 51. axb5 c5 52. b6 1-0

[Event "40th Olympiad Women"]
[Site "Istanbul TUR"]
[Date "2012.09.09"]
[Round "11.61"]
[Board "3"]
[White "Horn, Emilia"]
[Black "Kurochkina, Elena"]
[Result "0-1"]
[WhiteTitle "WFM"]
[WhiteElo "2037"]
[BlackElo "1797"]
[WhiteTeam "Sweden"]
[BlackTeam "IPCA"]
[WhiteFideId "1705385"]
[BlackFideId "24145890"]
[EventDate "2012.08.28"]

1. e4 c5 2. Nf3 Nc6 3. Bb5 g6 4. Bxc6 bxc6 5. O-O Bg7 6. Re1 d6 7. e5 Nh6 8.
exd6 Qxd6 9. h3 O-O 10. d3 c4 11. d4 Be6 12. c3 Bd5 13. Nbd2 f5 14. Qe2 e6 15.
Nxc4 Qc7 16. b3 Nf7 17. Ba3 Rfe8 18. Nce5 Bxf3 19. Nxf3 e5 20. dxe5 Nxe5 21.
Nxe5 Bxe5 22. Qc4+ Kg7 23. Rad1 Rad8 24. Bc5 Bf6 25. Rc1 Qd7 26. Rxe8 Rxe8 27.
Be3 Re4 28. Qa6 Re7 29. b4 Be5 30. Qc4 Bf6 31. Qa6 Be5 32. a4 Qd5 33. b5 cxb5
34. axb5 Qc4 35. Bxa7 Qf4 36. Be3 Qh2+ 37. Kf1 f4 38. Qa3 Bf6 39. c4 fxe3 40.
fxe3 Qh1+ 41. Kf2 Bh4+ 42. Kf3 Qh2 43. Qc3+ Kh6 44. Qd4 Qg3+ 45. Ke2 Qxg2+ 46.
Kd3 Qxh3 47. Qf4+ Bg5 48. Qf8+ Kh5 49. Re1 Rxe3+ 50. Rxe3 Qxe3+ 51. Kc2 Be7 52.
Qf1 g5 53. Qh1+ Kg4 54. Qxh7 Bc5 55. Qd7+ Kf3 56. Qh3+ Kf4 57. Qh2+ Kf3 58. Qh3+
Kf2 59. Qh2+ Kf1 60. Qh1+ Qg1 61. Qe4 Qg2+ 62. Kd3 g4 63. Qe5 Qf2 64. Qa1+ Kg2
65. Qe5 g3 66. Qg7 Kg1 67. Ke4 g2 68. Qa1+ Qf1 69. Qh8 Qxc4+ 70. Kf3 Qd3+ 71.
Kg4 Qd4+ 0-1

[Event "40th Olympiad Women"]
[Site "Istanbul TUR"]
[Date "2012.09.09"]
[Round "11.61"]
[Board "4"]
[White "Kaydanovich, Marina"]
[Black "Fransson, Angelina"]
[Result "1-0"]
[WhiteElo "1761"]
[BlackElo "1968"]
[WhiteTeam "IPCA"]
[BlackTeam "Sweden"]
[WhiteFideId "4134877"]
[BlackFideId "1712632"]
[EventDate "2012.08.28"]

1. d4 Nf6 2. Nf3 g6 3. Bg5 Bg7 4. c3 d5 5. Nbd2 Nbd7 6. e3 O-O 7. Bd3 c5 8. O-O
Qb6 9. Qb3 Qxb3 10. axb3 e5 11. dxe5 Ng4 12. h3 Ngxe5 13. Nxe5 Nxe5 14. Bc2 Nc6
15. Nf3 f5 16. Rfd1 h6 17. Bf4 Rd8 18. h4 Be6 19. Rd2 Kh7 20. Rad1 Bf6 21. Bg3
b5 22. b4 d4 23. exd4 cxd4 24. Nxd4 Bxd4 25. cxd4 Nxb4 26. Be5 Bc4 27. Bb1 a5
28. Rc1 Rd7 29. Rc3 Nc6 30. f4 Rad8 31. b3 Nxe5 32. fxe5 Bd5 33. Kf2 h5 34. Ke3
Be6 35. Bc2 f4+ 36. Kxf4 Rxd4+ 37. Rxd4 Rxd4+ 38. Kg5 Rg4+ 39. Kf6 Bd5 40. g3 a4
41. bxa4 bxa4 42. e6 Rb4 43. Bxg6+ Kh6 44. Rc7 Rb7 45. Rc8 1-0

[Event "40th Olympiad Women"]
[Site "Istanbul TUR"]
[Date "2012.09.09"]
[Round "11.62"]
[Board "1"]
[White "Samaganova, Alexandra"]
[Black "Stolarczyk, Anna"]
[Result "1/2-1/2"]
[BlackTitle "WCM"]
[WhiteElo "2057"]
[BlackElo "1994"]
[WhiteTeam "Kyrgyzstan"]
[BlackTeam "IBCA"]
[WhiteFideId "13800221"]
[BlackFideId "1126423"]
[EventDate "2012.08.28"]

1. c4 e6 2. Nf3 Nf6 3. g3 d5 4. b3 c5 5. Bg2 Nc6 6. Na3 Be7 7. Nc2 O-O 8. O-O
Ne4 9. Bb2 f5 10. cxd5 exd5 11. d3 Nf6 12. a3 h6 13. Rb1 Be6 14. b4 b6 15. b5
Na5 16. Ne5 Kh7 17. Ne3 Rc8 18. Qc2 Bd6 19. Kh1 Bxe5 20. Bxe5 d4 21. Bxf6 Rxf6
22. Nc4 Nxc4 23. dxc4 Qg8 24. Rbc1 Rd8 25. Qd3 Qf8 26. Rfd1 Bc8 27. Bd5 Qe7 28.
Qf3 Rxd5 29. cxd5 Bb7 30. Kg1 Qe4 31. Qxe4 fxe4 32. Rd2 Bxd5 33. a4 Kg6 34. a5
Kg5 35. Ra1 Kg4 36. axb6 axb6 37. Ra7 g5 38. Ra4 Bb3 39. Ra3 Bc4 40. Rb2 Rd6 41.
f3+ exf3 42. exf3+ Kh3 43. Kf2 d3 44. Ke1 Re6+ 45. Kd1 Re3 46. Rf2 Bxb5 47. f4
gxf4 48. gxf4 Re6 49. Kd2 Kg4 50. Ra1 Kf5 51. Ra8 c4 52. Rf8+ Rf6 53. Rxf6+ Kxf6
54. Kc3 Ba6 55. Ra2 Bc8 56. Rb2 Be6 57. Rxb6 Kf5 58. Kd2 h5 59. Ke3 h4 60. h3
Kf6 61. Kd2 Ke7 62. Kc3 Bxh3 63. Rh6 Be6 64. Rxh4 Kf6 65. Rh5 Bf7 66. Ra5 Be6
67. Kd2 Bf7 68. Kc3 Be6 1/2-1/2

[Event "40th Olympiad Women"]
[Site "Istanbul TUR"]
[Date "2012.09.09"]
[Round "11.62"]
[Board "2"]
[White "Debowska, Teresa"]
[Black "Omurbekova, Diana"]
[Result "0-1"]
[WhiteTitle "FM"]
[WhiteElo "1837"]
[BlackElo "1697"]
[WhiteTeam "IBCA"]
[BlackTeam "Kyrgyzstan"]
[WhiteFideId "1120816"]
[BlackFideId "13800752"]
[EventDate "2012.08.28"]

1. e4 d6 2. g3 c5 3. Bg2 Nc6 4. d3 g6 5. Be3 Bg7 6. Nc3 Rb8 7. Qd2 b5 8. h4 b4
9. Nd1 h5 10. f4 Qc7 11. Nf3 Nh6 12. Nh2 Ng4 13. Nxg4 Bxg4 14. c3 Bxd1 15. Rxd1
bxc3 16. bxc3 Qa5 17. Rc1 Qa3 18. O-O Rb2 19. Rc2 Rxc2 20. Qxc2 Bxc3 21. e5 Nb4
22. Qe2 Qxa2 23. Qxa2 Nxa2 24. Bc6+ Kf8 25. exd6 exd6 26. f5 gxf5 27. Rxf5 Nb4
28. Bb5 a5 29. Bf4 Ke7 30. Bg5+ f6 31. Be3 Ke6 32. Rf3 Rb8 33. Bc4+ d5 34. Bf4
Bd4+ 35. Kh2 Ra8 36. Bb3 a4 37. Bd1 a3 38. Rf1 Nxd3 0-1

[Event "40th Olympiad Women"]
[Site "Istanbul TUR"]
[Date "2012.09.09"]
[Round "11.62"]
[Board "3"]
[White "Tilenbaev, Baktygul"]
[Black "Karsokaite, Irena"]
[Result "1-0"]
[WhiteElo "1940"]
[BlackElo "1632"]
[WhiteTeam "Kyrgyzstan"]
[BlackTeam "IBCA"]
[WhiteFideId "13800639"]
[BlackFideId "12805220"]
[EventDate "2012.08.28"]

1. e4 e5 2. Nf3 Nc6 3. Bb5 a6 4. Ba4 Nf6 5. O-O Be7 6. Re1 b5 7. Bb3 O-O 8. c3
d6 9. d3 Na5 10. Bc2 c5 11. Nbd2 Qc7 12. Nf1 Re8 13. Ne3 g6 14. Bd2 Nb7 15. Rc1
Nd8 16. Ng5 Ne6 17. Nxe6 Bxe6 18. b3 Rad8 19. c4 b4 20. Nd5 Nxd5 21. cxd5 Bc8
22. Qf3 f5 23. d4 exd4 24. exf5 Rf8 25. Qe4 Rf7 26. fxg6 hxg6 27. Qxg6+ Rg7 28.
Qh5 Bg4 29. Qh6 Bf8 30. Qf4 Qf7 31. Qxf7+ Rxf7 32. h3 Bf5 33. Bd1 Bg7 34. g4 Bd7
35. Kg2 Rdf8 36. f3 Be5 37. Bh6 Bg7 38. Bg5 Be5 39. a4 a5 40. Rc2 Kg7 41. h4 Bc8
42. h5 Bb7 43. Rxc5 dxc5 44. Rxe5 Bc8 45. Be7 Rg8 46. d6 Bd7 47. Rxc5 Rf4 48.
Rc7 1-0

[Event "40th Olympiad Women"]
[Site "Istanbul TUR"]
[Date "2012.09.09"]
[Round "11.62"]
[Board "4"]
[White "Benkunskiene, Violeta"]
[Black "Alymbay, Kyzy Aizhan"]
[Result "0-1"]
[WhiteElo "1643"]
[BlackElo "1810"]
[WhiteTeam "IBCA"]
[BlackTeam "Kyrgyzstan"]
[WhiteFideId "12804991"]
[BlackFideId "13800043"]
[EventDate "2012.08.28"]

1. e4 c5 2. Nc3 e6 3. g3 Nc6 4. Bg2 Nf6 5. d3 Be7 6. Nge2 O-O 7. O-O a6 8. f4 d5
9. e5 Ne8 10. a3 f6 11. exf6 Bxf6 12. Bd2 Nd6 13. Qc1 Bd7 14. Nd1 Nf5 15. c3 Rc8
16. Ne3 Nxe3 17. Bxe3 d4 18. Bd2 Na5 19. Qd1 c4 20. dxc4 Nxc4 21. Rb1 Qb6 22.
Kh1 Bb5 23. Re1 Rfd8 24. cxd4 Bxd4 25. Nxd4 Rxd4 26. Re2 Rcd8 27. Qe1 Rxd2 28.
a4 Bc6 29. Bxc6 Qxc6+ 30. Kg1 Rxe2 31. Qxe2 Rd2 0-1